000 01483nam a22002657a 4500
005 20120711112314.0
010 _aB-462369-373
020 _a9788125040972
_c295.00
035 _aB-462369-373
037 _adpl
_bK. K. Pub /Ven
082 _aS
100 _aTagore, Rabinderanath
_950146
245 _aManihara and the other stories/
_cby Rabinderanath Tagore
260 _aNew Delhi
_bOrient Blackswan Pvt, Ltd
_c2010
270 _a1/24 Asaf ali road
_bNew Delhi
300 _avii,296p
_c22cm
490 _aselections from Galpaguchchha 2
_950147
942 _2ddc
_cEN
_hS
_mTAG
999 _c68391
_d68391